Вып. 16; Будущее науки. Перспективы. Гипотезы. Нерешенные проблемы

書目詳細資料
Parent link:Будущее науки. Перспективы. Гипотезы. Нерешенные проблемы: международный ежегодник/ отв. ред. Е. Б. Этингоф. Вып. 16.— , 1966-1988
語言:俄语
出版: 1983
主題:
格式: 圖書
KOHA link:https://koha.lib.tpu.ru/cgi-bin/koha/opac-detail.pl?biblionumber=167435

MARC

LEADER 00000nam2a2200000 4500
001 167435
005 20231031162813.0
020 |a RU  |b 83-40488 
035 |a (RuTPU)RU\TPU\book\181647 
090 |a 167435 
100 |a 20091015d1983 m y0rusy5003 ca 
101 0 |a rus 
102 |a RU 
105 |a a z 000zy 
200 0 |a Вып. 16 
210 |d 1983 
215 |a 271 с.  |c ил. 
461 1 |0 (RuTPU)RU\TPU\book\123171  |t Будущее науки. Перспективы. Гипотезы. Нерешенные проблемы  |o международный ежегодник  |f отв. ред. Е. Б. Этингоф  |v Вып. 16  |d 1966-1988 
610 1 |a наука 
610 1 |a перспективы 
610 1 |a гипотезы 
610 1 |a нерешенные проблемы 
801 0 |a RU  |b RuMRKP  |c 19950704  |g psbo 
801 1 |a RU  |b 63413507  |c 20091015 
801 2 |a RU  |b 63413507  |c 20151005  |g RCR 
942 |c BK